000 00781nam a2200253Ia 4500
003 OSt
005 20220925233724.0
006 a|||||r|||| 00| 0
007 ta
008 220923b |||||||| |||| 00| 0 eng d
020 _a9788126154739
_c1020
037 _b5281, 18/03/2014, RAJKIRAN BOOK AGENCY
_cGeneral Book
040 _aRTL
_cRTL
_beng
041 _2eng
_aeng
082 _aXM8:8D, P1;Q2
100 _aBHALLA V.K.
_9153493
245 0 _aInternational financial management
_b Text and cases
250 _a11th
260 _a New Delhi
_bAnmol Publications
_c2012
300 _axvi, 1182p.
_ccm.
650 _aCommerce
942 _hXM8:8D, P1;Q2
_cGB
_2CC
999 _c594422
_d594422